| 000 | 00510nam a2200193Ia 4500 | ||
|---|---|---|---|
| 001 | 63761 | ||
| 008 | 150109s9999 xx 000 0 und d | ||
| 020 | _a9780850683487 | ||
| 040 | _cPK-LaUMT | ||
| 082 |
_a 712 _bVER-L |
||
| 100 | _aVernon, Siobhan | ||
| 245 |
_aLandscape architect's pocket book _cVernon, Siobhan|Tennant, Rachel|Garmory, Nicola |
||
| 260 |
_aLondon,UK: _bRoutledge, _c2013 |
||
| 300 | _a299 p. | ||
| 546 | _aEN | ||
| 700 | _aGarmory, Nicola | ||
| 700 | _aTennant, Rachel | ||
| 942 | _cBK | ||
| 999 |
_c64415 _d64415 |
||